| 000 | 00360nam a2200145Ia 4500 | ||
|---|---|---|---|
| 008 | 230917s9999||||xx |||||||||||||| ||und|| | ||
| 040 |
_e17210 _aMAIN |
||
| 041 | _aEnglish | ||
| 082 | _a301.18 D438S | ||
| 100 | _aDengin, Normank | ||
| 245 | 0 | _aSociological methods: A source book | |
| 260 |
_aLondon _bMacmillan _c1970 |
||
| 300 | _ax, 433 p. | ||
| 942 | _cBK | ||
| 999 |
_c191160 _d191160 |
||